000 00285nam a2200121Ia 4500
008 190216s9999||||xx |||||||||||||| ||und||
100 _aMohandas Naimisharay
245 0 _aHindi Bahujan Samaj
260 _bNeelakanth Prakashan
_c2009
300 _a202
650 _aHindi
942 _cBK
999 _c16605
_d16605